| 000 | 00739nam a22001935i 4500 | ||
|---|---|---|---|
| 001 | 158497 | ||
| 003 | ES-MaACL | ||
| 005 | 20230915205310.0 | ||
| 008 | 970605s1827 sp |||| | spa d | ||
| 040 |
_aCLM _bspa _cCCPB | SIC |
||
| 100 | 1 |
_aMagendie, F. _9129342 |
|
| 245 | 1 | 0 |
_aFormulario para la preparación y uso de varios medicamentos nuevos / _cpor F. Magendie. |
| 250 |
_a5ª Ed. corr. y aum. _btraducida al castellano con notas por José Luis Casaseca. |
||
| 260 |
_aMadrid : _b[s.n.], _c1827 ( _fImprenta de D. José del Collado) |
||
| 300 |
_a248 p. [1] h. pleg. ; _c18 cm. |
||
| 700 | 1 | 1 |
_aCasaseca, José Luis, _d1800-1869 _936243 |
| 852 |
_aES-MaACL _jG-9503 _z-- Enc. pasta española |
||
| 999 |
_c158497 _d158497 |
||